Statistics for Top 5 Basketball Recruits by State - 2018

Click here to take the quiz!

General Stats

  • This quiz has been taken 3 times
  • The average score is 35 of 181

Answer Stats

State#PlayerCurrent Team / Status% Correct
Alabama39Kira Lewis Jr.New Orleans Pelicans
100%
California19Jordan BrownArizona Wildcats
100%
Michigan101Gabe BrownMichigan State Spartans
100%
Minnesota15Tre JonesSan Antonio Spurs
100%
Florida26Emmitt WilliamsFree Agent
100%
Utah174Bryan Penn-JohnsonInactive
100%
New Jersey20Louis KingSacramento Kings / Stockton Kings
100%
Tennessee131Tyler HarrisIowa State Cyclones
100%
New York27Moses BrownDallas Mavericks
100%
Virginia13Keldon JohnsonSan Antonio Spurs
100%
South Carolina5Zion WilliamsonNew Orleans Pelicans
100%
Florida1RJ BarrettNew York Knicks
100%
California34Brandon WilliamsFree Agent
100%
Maryland82Jermaine HarrisRhode Island Rams
100%
Arkansas500Ja'Mon SmithInactive
100%
Washington28Kevin Porter Jr.Houston Rockets
100%
North Carolina25Coby WhiteChicago Bulls
100%
Louisiana155Greg Williams Jr.St. John's Red Storm
100%
Maryland16Jalen SmithPhoenix Suns
100%
Maryland22Immanuel QuickleyNew York Knicks
100%
Nevada159Kyler EdwardsTexas Tech Red Raiders
100%
Michigan70Brandon Johns Jr.Michigan Wolverines
100%
Iowa81AJ GreenNorthern Iowa Panthers
100%
Pennsylvania2Cam ReddishAtlanta Hawks
100%
Indiana124Damezi AndersonLoyola Chicago Ramblers
100%
South Carolina64Aaron NesmithBoston Celtics
50%
Oregon460Immanuel AllenAbilene Christian Wildcats
50%
Pennsylvania348Ryan YoungNorthwestern Wildcats
50%
Indiana7Romeo LangfordBoston Celtics
50%
Michigan66Marcus Bingham Jr.Michigan State Spartans
50%
North Carolina33Joey BakerDuke Blue Devils
50%
Tennessee14Darius GarlandCleveland Cavaliers
50%
Michigan96Foster LoyerDavidson Wildcats
50%
Ohio59Jerome HunterIndiana Hoosiers
50%
Mississippi289Javian DavisMississippi State Bulldogs
50%
Wisconsin172Tyrese HaliburtonSacramento Kings
50%
Missouri112Torrence WatsonMissouri Tigers
50%
Wisconsin37Tyler HerroMiami Heat
50%
Arizona129Timmy AllenUtah Utes
50%
Arizona459Jaxson BakerCentral Arkansas Bears
50%
Washington177Emmitt Matthews Jr.West Virginia Mountaineers
50%
Washington83J'Raan BrooksWashington Huskies
50%
New Hampshire84Derek CulverFort Wayne Mad Ants
50%
Utah436Zion YoungOakland Golden Grizzlies
50%
New Hampshire94Isaiah MuciusWake Forest Demon Deacons
0%
Nevada165Trey WoodburyUtah Valley Wolverines
0%
New Jersey79Luther MuhammadArizona State Sun Devils
0%
Nevada157Reggie ChaneyHouston Cougars
0%
North Carolina24Jaylen HoardFree Agent
0%
New Jersey29Jahvon QuinerlyAlabama Crimson Tide
0%
North Carolina21Devon DotsonChicago Bulls / Windy City Bulls
0%
New Jersey18Naz ReidMinnesota Timberwolves
0%
New Mexico425Marlon CunninghamInactive
0%
New York143Bryce WillsStanford Cardinal
0%
New Hampshire209Lukas KisunasStanford Cardinal
0%
New York199Jared RhodenSeton Hall Pirates
0%
New York92Dalano BantonToronto Raptors
0%
New Hampshire74Miles NorrisUC Santa Barbara Gauchos
0%
New Jersey61Jalen CareyRhode Island Rams
0%
New Hampshire110Marcus ZegarowskiLong Island Nets
0%
New York185Alan GriffinSyracuse Orange
0%
North Carolina42Aaron WigginsOklahoma City Thunder / Oklahoma City Blue
0%
Pennsylvania86Robby CarmodyNotre Dame Fighting Irish
0%
Ohio17Darius BazleyOklahoma City Thunder
0%
Vermont417Tyler BertramBinghamton Bearcats
0%
Texas89Kaden ArchieGeorgia Southern Eagles
0%
Texas93Matthew MayerBaylor Bears
0%
Texas103Jaedon LeDeeTCU Horned Frogs
0%
Utah183Hunter EricksonBYU Cougars
0%
Utah431Mikey FrazierDixie State Trailblazers
0%
Vermont11Simisola ShittuFree Agent
0%
Virginia36David McCormackKansas Jayhawks
0%
Texas10Quentin GrimesNew York Knicks
0%
Virginia46Will RichardsonOregon Ducks
0%
Virginia53Brandon SlaterVillanova Wildcats
0%
Virginia95Trey McGowensNebraska Cornhuskers
0%
Washington231Erik StevensonWashington Huskies
0%
Washington377Philip Pepple Jr.SIU Edwardsville Cougars
0%
Wisconsin52Joey HauserMichigan State Spartans
0%
Wisconsin113Jordan McCabeUNLV Runnin' Rebels
0%
Texas49Gerald LiddellTexas Longhorns
0%
Tennessee184Uros PlavsicTennessee Volunteers
0%
Ohio88Pete NanceNorthwestern Wildcats
0%
Oregon456Kelton SamoreSeattle Pacific Falcons
0%
Ohio100Dane GoodwinNotre Dame Fighting Irish
0%
Ohio102Jaxson HayesNew Orleans Pelicans
0%
Oklahoma362Trey HopkinsSeattle U Redhawks
0%
Oklahoma402Jaycson BeRealJohnson County CC Cavaliers
0%
Oklahoma454Jalen CrutchfieldEast Central University Tigers
0%
Oregon58Kamaka HepaTexas Longhorns
0%
Nevada4Bol BolDenver Nuggets
0%
Tennessee176Malik RiddleMorehead State Eagles
0%
Pennsylvania147Jake ForresterTemple Owls
0%
Pennsylvania376Curtis Aiken Jr.Pittsburgh Panthers
0%
Rhode Island44Cole SwiderVillanova Wildcats
0%
South Carolina108D.J. Burns Jr.Winthrop Eagles
0%
South Carolina151Robert BraswellSyracuse Orange
0%
South Carolina188Jimmy Nichols Jr.Providence Friars
0%
Tennessee158Alex LomaxMemphis Tigers
0%
Nevada109Jamal BeyWashington Huskies
0%
Mississippi63Robert Woodard IISacramento Kings
0%
Nebraska341Brady HeimanSouth Dakota Coyotes
0%
Florida23Andrew NembhardGonzaga Bulldogs
0%
Washington, D.C.87Prentiss HubbNotre Dame Fighting Irish
0%
Washington, D.C.137Saddiq BeyDetroit Pistons
0%
Washington, D.C.163Myles DreadPenn State Nittany Lions
0%
Washington, D.C.310Kiyon BoydInactive
0%
Washington, D.C.396Tre WoodLong Island University Sharks
0%
Florida3Nassir LittlePortland Trail Blazers
0%
Florida8Anfernee SimonsPortland Trail Blazers
0%
Georgia9E. J. MontgomerySoproni KC - Hungary
0%
Connecticut305Adrien NuñezMichigan Wolverines
0%
Georgia12Ashton HagansRaptors 905
0%
Georgia31Reggie PerryFree Agent
0%
Georgia54Khavon MooreSouth Carolina Upstate Spartans
0%
Georgia67Landers Nolley IIMemphis Tigers
0%
Illinois32Ayo DosunmuIllinois Fighting Illini
0%
Illinois56Francis OkoroSaint Louis Billikens
0%
Illinois57Talen Horton-TuckerLos Angeles Lakers
0%
Connecticut449Emmanuel UmoffiaInactive
0%
Connecticut204Anthony NelsonManhattan Jaspers
0%
Illinois248Xavier PinsonLSU Tigers
0%
Arkansas170Isaiah JoePhiladelphia 76ers
0%
Alabama210Trey JemisonUAB Blazers
0%
Alabama221Diante WoodJacksonville Dolphins
0%
Alabama338Isaac ChatmanNorth Alabama Lions
0%
Arizona121Both GachMinnesota Golden Gophers
0%
Arizona315Kwamé HymesNevada Wolf Pack
0%
Arizona367Demarius JacobsSaint Louis Billikens
0%
Arkansas160Ethan HendersonArkansas Razorbacks
0%
Arkansas256Desi SillsArkansas Razorbacks
0%
Connecticut195Luis RodriguezOle Miss Rebels
0%
California38Taeshon CherryArizona State Sun Devils
0%
California41Shareef O'NealLSU Tigers
0%
California55Jules BernardUCLA Bruins
0%
Colorado182Kaison HammondsSan José State Spartans
0%
Colorado187Adam ThistlewoodColorado State Rams
0%
Colorado395Daylen KountzNorthern Colorado Bears
0%
Connecticut77Jaiden DelaireStanford Cardinal
0%
Illinois125Zion GriffinUIC Flames
0%
Indiana91Tyger CampbellUCLA Bruins
0%
Nebraska285Ed ChangMissouri Tigers
0%
Minnesota346Adam TrappRetired
0%
Massachusetts65Nate LaszewskiNotre Dame Fighting Irish
0%
Massachusetts68Cormac RyanNotre Dame Fighting Irish
0%
Massachusetts127Noah KirkwoodHarvard Crimson
0%
Michigan107David DeJuliusCincinnati Bearcats
0%
Minnesota50Daniel OturuFree Agent
0%
Minnesota196Jarvis OmersaMinnesota Golden Gophers
0%
Minnesota198Gabe KalscheurMinnesota Golden Gophers
0%
Alabama117Au'diese ToneyPittsburgh Panthers
0%
Massachusetts47David Duke Jr.Brooklyn Nets / Long Island Nets
0%
Mississippi116D.J. Stewart Jr.Sioux Falls Skyforce
0%
Mississippi295LaDarius MarshallNew Orleans Privateers
0%
Mississippi358Michael BarberSouthwest Mississippi CC Bears
0%
Missouri43Courtney RameyTexas Longhorns
0%
Missouri73Carte'Are GordonGrambling Tigers
0%
Missouri132Ochai AgbajiKansas Jayhawks
0%
Missouri133Jordan LathonMilwaukee Panthers
0%
Massachusetts48A.J. ReevesProvidence Friars
0%
Maryland134Montez MathisRutgers Scarlet Knights
0%
Indiana135Rob PhiniseeIndiana Hoosiers
0%
Kansas382Khaleem BennettCentral Arkansas Bears
0%
Indiana140Aaron HenryPhiladelphia 76ers / Delaware Blue Coats
0%
Iowa60Joe WieskampSan Antonio Spurs / Austin Spurs
0%
Iowa487Samuel IngoliIowa Western Reivers - (Football)
0%
Kansas144Blake HinsonIowa State Cyclones
0%
Kansas267Yor AneiSMU Mustangs
0%
Kansas304Isaiah Poor Bear-ChandlerWichita State Shockers
0%
Kansas314Israel BarnesTexas Permian Basin Flyin' Falcons
0%
Kentucky6Charles BasseyPhiladelphia 76ers
0%
Maryland80Noah LockeFlorida Gators
0%
Kentucky189Jake WalterImprisoned
0%
Kentucky242CJ FrederickIowa Hawkeyes
0%
Kentucky266Chance MooreRetired
0%
Kentucky381Trevon FaulknerNorthern Kentucky Norse
0%
Louisiana35Ja'Vonte SmartSioux Falls Skyforce
0%
Louisiana97Jared ButlerUtah Jazz
0%
Louisiana122Josh LeBlanc Sr.LSU Tigers
0%
Louisiana468Kobe JulienLouisiana Ragin' Cajuns
0%
Wisconsin366Keshawn JusticeSanta Clara Broncos
0%

Score Distribution

Percentile by Number Answered

Percent of People with Each Score

Your Score History

You have not taken this quiz